000 00358nam a22001577a 4500
003 OSt
005 20210922152239.0
008 210922b |||||||| |||| 00| 0 eng d
020 _a10;1256973009
040 _cHU
082 _a160COP
100 _aIrving M.Copi
_95506
245 _antroduction to Logic
260 _aUSA
_bhall
_c2011
942 _2ddc
_cBOOKS
_n0
999 _c5992
_d5992